30 cidades mais populosas da Rússia - Statistics

Estatísticas Gerais
  • Esse quiz foi jogado 60 vezes
  • A pontuação média é 9 de 30
Estatísticas das Respostas
# População Letra Cidade % Correto
1 13.010.112 M Moscou
100%
2 5.601.911 S São Petersburgo
83%
5 1.308.660 C Cazã
59%
4 1.544.376 E Ecaterimburgo
54%
16 1.028.036 V Volgogrado
50%
26 603.519 V Vladivostok
46%
3 1.633.595 N Novosibirsk
43%
9 1.173.299 S Samara
43%
13 1.099.344 K Krasnodar
39%
11 1.142.162 R Rostov do Don
39%
6 1.228.199 N Nijni Novgorod
37%
10 1.144.809 U Ufa
35%
12 1.125.695 O Omsk
30%
25 617.264 I Irkutsk
28%
14 1.057.681 V Voronezh
28%
15 1.034.002 P Perm
26%
8 1.187.771 K Krasnoyarsk
24%
17 901.361 S Saratov
24%
18 847.488 T Tyumen
24%
7 1.189.525 C Chelyabinsk
20%
24 617.352 U Ulyanovsk
20%
27 577.279 Y Yaroslavl
20%
19 684.709 T Tolyatti
17%
29 556.478 T Tomsk
13%
21 623.472 I Izhevsk
11%
20 630.877 B Barnaul
9%
28 557.119 K Kemerovo
4%
23 617.441 K Khabarovsk
4%
22 623.254 M Makhachkala
4%
30 548.434 N Naberezhnye Chelny
2%
Nenhum quiz correspondente encontrado
Distribuição das Pontuações
Porcentagem de Pessoas com Cada Pontuação
Percentil de Números Respondidos
Sua Pontuação Histórica
Você não jogou esse quiz